हाडकी हाडवळा (Record no. 301976)

MARC details
000 -LEADER
fixed length control field 00506nam a2200169Ia 4500
008 - FIXED-LENGTH DATA ELEMENTS--GENERAL INFORMATION
fixed length control field 090711s9999 xx 000 0 und d
082 ## - DEWEY DECIMAL CLASSIFICATION NUMBER
Item number 52580
100 ## - MAIN ENTRY--PERSONAL NAME
Personal name ढसाळ नामदेव ल.
245 ## - TITLE STATEMENT
Title हाडकी हाडवळा
260 ## - PUBLICATION, DISTRIBUTION, ETC. (IMPRINT)
Date of publication, distribution, etc 1981
300 ## - PHYSICAL DESCRIPTION
Extent 126
600 ## - SUBJECT ADDED ENTRY--PERSONAL NAME
Personal name ढसाळ नामदेव ल.
630 ## - SUBJECT ADDED ENTRY--UNIFORM TITLE
Uniform title हाडकी हाडवळा
700 ## - ADDED ENTRY--PERSONAL NAME
Personal name ढसाळ नामदेव ल.
730 ## - ADDED ENTRY--UNIFORM TITLE
Uniform title हाडकी हाडवळा
942 ## - ADDED ENTRY ELEMENTS (KOHA)
Koha item type Book
Holdings
Withdrawn status Lost status Damaged status Not for loan Home library Current library Date acquired Cost, normal purchase price Total Checkouts Full call number Barcode Date last seen Cost, replacement price Price effective from Koha item type
        Dadar Sarvajanik Vachanalaya, Dardar Dadar Sarvajanik Vachanalaya, Dardar 07/11/2009 12.00   52580 DASAVA-52580 07/11/2009 12.00 07/11/2009 Book